|
|
|
|
| LEADER |
01190nam a2200325 a 4500 |
| 001 |
4975587 |
| 008 |
100210s1996 enkab b 000 1 eng d |
| 010 |
|
|
|a 97224922
|
| 020 |
|
|
|a 0140434941
|
| 040 |
|
|
|a DLC
|c DLC
|
| 082 |
0 |
0 |
|a 823/.8
|2 21
|
| 100 |
1 |
|
|a Dickens, Charles,
|d 1812-1870.
|
| 245 |
1 |
0 |
|a David Copperfield /
|c Charles Dickens ; with an introduction and notes by Jeremy Tambling.
|
| 260 |
|
|
|a London ;
|a New York :
|b Penguin Books,
|c 1996.
|
| 300 |
|
|
|a xxix, 879 p. :
|b ill., map ;
|c 20 cm.
|
| 490 |
0 |
|
|a Penguin classics
|
| 504 |
|
|
|a Includes bibliographical references (p. xxvii).
|
| 541 |
1 |
|
|e 00011859
|
| 650 |
|
0 |
|a Boys
|v Fiction.
|
| 650 |
|
0 |
|a Orphans
|v Fiction.
|
| 650 |
|
0 |
|a Young men
|v Fiction.
|
| 650 |
|
0 |
|a Stepfathers
|v Fiction.
|
| 650 |
|
0 |
|a Child labor
|v Fiction.
|
| 651 |
|
0 |
|a England
|v Fiction.
|
| 655 |
|
7 |
|a Autobiographical fiction.
|2 gsafd
|
| 655 |
|
7 |
|a Bildungsromans.
|2 gsafd
|
| 700 |
1 |
|
|a Tambling, Jeremy.
|
| 852 |
4 |
|
|a Ayesha Abed Library
|j General shelf
|
| 999 |
|
|
|c 7471
|d 7471
|
| 952 |
|
|
|0 0
|1 0
|2 ddc
|4 0
|6 823_800000000000000_DIC
|7 0
|9 8037
|a BRACUL
|b BRACUL
|c GEN
|d 2010-02-11
|g 670.00
|l 12
|m 44
|o 823.8 DIC
|p 3010011859
|r 2025-08-07
|s 2025-05-20
|t 1
|w 2010-02-11
|y BK
|x $7.99
|